| 000 | 00749nam a2200253 a 4500 | ||
|---|---|---|---|
| 001 | BRCA_8176 | ||
| 005 | 20190320210149.0 | ||
| 008 | 070514s1954----sz-a###f##---#000-0#ger-# | ||
| 041 | _ager | ||
| 044 | _asz | ||
| 050 | 4 |
_aNK7164 _b.G97 2 1954 |
|
| 100 | 1 |
_aGysin, F. _913146 |
|
| 245 | 1 | 0 |
_aSchweizerisches Gebrauchssilber _cF. Gysin. |
| 260 |
_aBerna, Suiza _bPaul Hapt _c1954 |
||
| 300 |
_a10 p. _bil., 16 láminas _c24 cm. |
||
| 440 | 0 |
_aaus dem Schweizerischen Landesmuseum _n3 _918798 |
|
| 500 | _aEjemplar igual a T26 | ||
| 500 | _aX78 | ||
| 650 | 1 | 4 |
_aPlatería _vObjetos de arte _zSuiza _918799 |
| 650 | 1 | 4 |
_aPlatería _vTécnicas y diseños _zSuiza _918800 |
| 650 | 1 | 4 |
_aGalerías y museos _zSuiza _910728 |
| 902 | _aGFM | ||
| 942 |
_2lcc _cB |
||
| 999 |
_c7844 _d7844 |
||